[Event "Charlotte CCCSA Labor Day IM-C"]
[Site "Charlotte"]
[Date "2021.09.05"]
[Round "7"]
[White "Della Morte, Pablo"]
[Black "Proleiko, Julian"]
[Result "1-0"]
[WhiteElo "2286"]
[BlackElo "2122"]
[PlyCount "155"]
[EventDate "2021.09.02"]
[EventType "tourn"]
[EventRounds "9"]
[EventCountry "USA"]
[EventCategory "1"]
[SourceTitle "CBM 204 Extra"]
[Source "ChessBase"]
[SourceDate "2021.11.30"]
[SourceVersion "1"]
[SourceVersionDate "2021.11.30"]
[SourceQuality "1"]

1. e4 c5 2. b3 g6 3. Bb2 Nf6 4. Bc4 d6 5. Bxf6 exf6 6. Nc3 Bg7 7. Nge2 a6 8. 0-0 b5 9. Bd5 Ra7 10. d4 0-0 11. Qd3 f5 12. Rad1 Qb6 13. exf5 Bxf5 14. Be4 Be6 15. dxc5 dxc5 16. Qf3 Qa5 17. a4 Nd7 18. axb5 axb5 19. Nd5 f5 20. Ne7+ Kh8 21. Bd5 Bxd5 22. Rxd5 Nb8 23. Qe3 Qc7 24. Nxg6+ hxg6 25. Nf4 Qf7 26. Rxc5 Ra6 27. Rxb5 g5 28. Nd3 Qh5 29. h3 Raf6 30. Nb4 Rh6 31. Qa7 Nc6 32. Nxc6 Rxc6 33. Qd7 Qg6 34. c4 Rd6 35. Qc7 Rc6 36. Qg3 Qh6 37. Re1 Rg6 38. Rb8 Rxb8 39. Qxb8+ Kh7 40. Qc8 Rf6 41. Qd7 Qg6 42. c5 Rf7 43. Qd5 f4 44. Re6 Qb1+ 45. Kh2 Rf5 46. Qf3 Kg8 47. c6 Rf8 48. Qd5 Kh8 49. c7 f3 50. gxf3 Qc2 51. Kg2 Qxc7 52. Qxg5 Qf7 53. Qh4+ Kg8 54. Qg4 Rb8 55. Qc4 Rd8 56. b4 Rf8 57. Qe4 Bf6 58. b5 Kh8 59. Kf1 Qh5 60. Qc6 Qxh3+ 61. Ke2 Qh5 62. b6 Qa5 63. Re4 Qa2+ 64. Kf1 Qa8 65. b7 Qd8 66. Rg4 Qe8 67. Qd5 Qe5 68. Rh4+ Kg7 69. Qd7+ Be7 70. Re4 Qa1+ 71. Kg2 Kh6 72. Qh3+ Kg6 73. Rxe7 Rf5 74. Re6+ Rf6 75. Qg4+ Kf7 76. Rxf6+ Qxf6 77. b8Q Qe5 78. Qxe5 1-0

[Event "Charlotte CCCSA Labor Day IM-C"]
[Site "Charlotte"]
[Date "2021.09.04"]
[Round "5"]
[White "Della Morte, Pablo"]
[Black "Adamson, Robby"]
[Result "0-1"]
[WhiteElo "2286"]
[BlackElo "2266"]
[PlyCount "52"]
[EventDate "2021.09.02"]
[EventType "tourn"]
[EventRounds "9"]
[EventCountry "USA"]
[EventCategory "1"]
[SourceTitle "CBM 204 Extra"]
[Source "ChessBase"]
[SourceDate "2021.11.30"]
[SourceVersion "1"]
[SourceVersionDate "2021.11.30"]
[SourceQuality "1"]

1. e4 e5 2. Nf3 Nc6 3. Bc4 Nf6 4. d3 h6 5. c3 d6 6. 0-0 g5 7. b4 Bg7 8. Qb3 0-0 9. Re1 Nh5 10. Qd1 g4 11. Nfd2 Nf4 12. Nf1 Qf6 13. Ne3 h5 14. f3 Qg6 15. fxg4 hxg4 16. g3 Nh3+ 17. Kg2 Ne7 18. Rf1 Kh8 19. Nd5 Nxd5 20. Bxd5 c6 21. Bb3 f5 22. Qe1 Bd7 23. Na3 fxe4 24. Be3 exd3 25. Rxf8+ Rxf8 26. Bxa7 Bf5 0-1

[Event "Mexico City Fenamac IM-2 1st"]
[Site "Mexico City"]
[Date "2021.05.10"]
[Round "9"]
[White "Della Morte, Pablo"]
[Black "Soto, Miguel Angel"]
[Result "1/2-1/2"]
[WhiteElo "2285"]
[BlackElo "2347"]
[PlyCount "62"]
[EventDate "2021.05.05"]
[EventType "tourn"]
[EventRounds "9"]
[EventCountry "MEX"]
[EventCategory "1"]
[SourceTitle "CBM 202 Extra"]
[Source "ChessBase"]
[SourceDate "2021.07.31"]
[SourceVersion "1"]
[SourceVersionDate "2021.07.31"]
[SourceQuality "1"]

1. e4 c5 2. Nf3 d6 3. Bb5+ Bd7 4. c4 Nc6 5. d4 cxd4 6. Nxd4 g6 7. Nc3 Bg7 8. Be3 Nf6 9. f3 0-0 10. 0-0 Rc8 11. Bxc6 bxc6 12. c5 d5 13. e5 Ne8 14. f4 Rb8 15. Qd2 Qc8 16. Rae1 Nc7 17. b3 Ne6 18. Nxe6 Bxe6 19. Ne2 Bf5 20. Bd4 Qa6 21. Ng3 e6 22. Re3 Rfe8 23. Rfe1 Qa3 24. Nxf5 exf5 25. e6 Bxd4 26. Qxd4 fxe6 27. Rxe6 Rxe6 28. Rxe6 Rb4 29. Qd2 Rb5 30. Rxc6 Rxc5 31. Rxc5 Qxc5+ 1/2-1/2

[Event "Mexico City Fenamac IM-2 1st"]
[Site "Mexico City"]
[Date "2021.05.09"]
[Round "7"]
[White "Della Morte, Pablo"]
[Black "Fernandez Hernandez, Arturo Augusto"]
[Result "1-0"]
[WhiteElo "2285"]
[BlackElo "2319"]
[PlyCount "103"]
[EventDate "2021.05.05"]
[EventType "tourn"]
[EventRounds "9"]
[EventCountry "MEX"]
[EventCategory "1"]
[SourceTitle "CBM 202 Extra"]
[Source "ChessBase"]
[SourceDate "2021.07.31"]
[SourceVersion "1"]
[SourceVersionDate "2021.07.31"]
[SourceQuality "1"]

1. e4 c6 2. Nf3 d5 3. Nc3 Bg4 4. d4 Nf6 5. Bd3 e6 6. h3 Bh5 7. e5 Nfd7 8. g4 Bg6 9. Bxg6 hxg6 10. Ne2 c5 11. c3 Nc6 12. Kf1 Be7 13. Kg2 Qb6 14. Rb1 0-0-0 15. b4 c4 16. a4 Rde8 17. Be3 Qd8 18. a5 Rh7 19. Qa4 a6 20. Nd2 Reh8 21. f4 Na7 22. Nf3 Nb5 23. Rbf1 f6 24. exf6 gxf6 25. Qc2 Qg8 26. Ng3 Bd8 27. Bd2 Bc7 28. Re1 g5 29. fxg5 Bxg3 30. Kxg3 Nd6 31. Bf4 Ne4+ 32. Rxe4 dxe4 33. Qxe4 Rg7 34. Qe2 e5 35. dxe5 fxg5 36. Be3 Nf8 37. Bd4 Qe6 38. Nd2 Rc7 39. Ne4 Ng6 40. Nxg5 Qe7 41. Qe3 Rg8 42. Rf1 Rc6 43. Rf7 Qd8 44. Ne4 Qd5 45. Rf5 Ne7 46. Rh5 Qf7 47. Nd6+ Rxd6 48. exd6 Nf5+ 49. Rxf5 Qxf5 50. Qe7 Qd7 51. Bf6 Qc6 52. Qe6+ 1-0

[Event "Mexico City Fenamac IM-2 1st"]
[Site "Mexico City"]
[Date "2021.05.08"]
[Round "5"]
[White "Figueredo Losada, Leonel"]
[Black "Della Morte, Pablo"]
[Result "1-0"]
[WhiteElo "2369"]
[BlackElo "2285"]
[PlyCount "50"]
[EventDate "2021.05.05"]
[EventType "tourn"]
[EventRounds "9"]
[EventCountry "MEX"]
[EventCategory "1"]
[SourceTitle "CBM 202 Extra"]
[Source "ChessBase"]
[SourceDate "2021.07.31"]
[SourceVersion "1"]
[SourceVersionDate "2021.07.31"]
[SourceQuality "1"]

1. e4 c5 2. Nf3 d6 3. d4 cxd4 4. Nxd4 Nf6 5. Nc3 a6 6. Bg5 e6 7. Qd3 Nbd7 8. f4 b5 9. 0-0-0 Bb7 10. e5 dxe5 11. fxe5 Nxe5 12. Qg3 Qb8 13. Be2 b4 14. Nxe6 fxe6 15. Bf4 bxc3 16. Bxe5 Qc8 17. Bxf6 cxb2+ 18. Kb1 Qc5 19. Bd4 Qa5 20. Bc3 Qc5 21. Qh3 Ke7 22. Rhe1 Rc8 23. Bxa6 Bd5 24. Rxd5 Qxd5 25. Bxc8 Ke8 1-0

[Event "Mexico City Fenamac IM-2 1st"]
[Site "Mexico City"]
[Date "2021.05.07"]
[Round "4"]
[White "Della Morte, Pablo"]
[Black "Velarde Ramirez, Hiram de Jesus"]
[Result "1-0"]
[WhiteElo "2285"]
[BlackElo "2195"]
[PlyCount "57"]
[EventDate "2021.05.05"]
[EventType "tourn"]
[EventRounds "9"]
[EventCountry "MEX"]
[EventCategory "1"]
[SourceTitle "CBM 202 Extra"]
[Source "ChessBase"]
[SourceDate "2021.07.31"]
[SourceVersion "1"]
[SourceVersionDate "2021.07.31"]
[SourceQuality "1"]

1. e4 d6 2. d4 Nf6 3. Nc3 c6 4. Nf3 Bg4 5. h3 Bh5 6. Bd3 e6 7. Qe2 d5 8. e5 Nfd7 9. g4 Bg6 10. Bxg6 hxg6 11. Kf1 Be7 12. Kg2 a6 13. a3 c5 14. dxc5 Nxc5 15. b4 Ncd7 16. Bf4 Nb6 17. Rad1 Qc7 18. Rd3 N8d7 19. Bg3 0-0-0 20. Rb1 Kb8 21. a4 Nf8 22. a5 Nc4 23. b5 Qxa5 24. bxa6 Qxa6 25. Nd4 g5 26. Qf3 Ng6 27. Qf4 f6 28. Qxf6 Rh6 29. Qxg7 1-0

[Event "Mexico City Fenamac IM-2 1st"]
[Site "Mexico City"]
[Date "2021.05.07"]
[Round "1"]
[White "Martin Del Campo C, Roberto Abel"]
[Black "Della Morte, Pablo"]
[Result "1/2-1/2"]
[WhiteElo "2290"]
[BlackElo "2285"]
[PlyCount "36"]
[EventDate "2021.05.05"]
[EventType "tourn"]
[EventRounds "9"]
[EventCountry "MEX"]
[EventCategory "1"]
[SourceTitle "CBM 202 Extra"]
[Source "ChessBase"]
[SourceDate "2021.07.31"]
[SourceVersion "1"]
[SourceVersionDate "2021.07.31"]
[SourceQuality "1"]

1. e4 e5 2. Nf3 Nc6 3. d4 exd4 4. Nxd4 Bc5 5. Nb3 Bb6 6. Nc3 Qf6 7. Qe2 Nge7 8. Be3 0-0 9. 0-0-0 d6 10. f3 Be6 11. g4 Ne5 12. Bg2 Nc4 13. Bxb6 axb6 14. Kb1 Ra7 15. h4 Rfa8 16. g5 Qf4 17. Bh3 Ne5 18. Bxe6 fxe6 1/2-1/2

[Event "Mexico City Fenamac-B 2nd"]
[Site "Mexico City"]
[Date "2020.03.16"]
[Round "9"]
[White "Medina Diaz, Rafael Alejandro"]
[Black "Della Morte, Pablo"]
[Result "1/2-1/2"]
[WhiteElo "2308"]
[BlackElo "2273"]
[PlyCount "24"]
[EventDate "2020.03.12"]
[EventType "tourn"]
[EventRounds "9"]
[EventCountry "MEX"]
[EventCategory "2"]
[SourceTitle "CBM 195 Extra"]
[Source "ChessBase"]
[SourceDate "2020.05.31"]
[SourceVersion "1"]
[SourceVersionDate "2020.05.31"]
[SourceQuality "1"]

1. c4 c5 2. Nc3 Nc6 3. g3 g6 4. Bg2 Bg7 5. e3 e6 6. Nge2 Nge7 7. 0-0 0-0 8. a3 d5 9. cxd5 exd5 10. d4 cxd4 11. Nxd4 Nxd4 12. exd4 Nc6 1/2-1/2

[Event "Mexico City Fenamac-B 2nd"]
[Site "Mexico City"]
[Date "2020.03.15"]
[Round "6"]
[White "Della Morte, Pablo"]
[Black "Dominguez Aguilar, Guillermo"]
[Result "1-0"]
[WhiteElo "2273"]
[BlackElo "2321"]
[PlyCount "83"]
[EventDate "2020.03.12"]
[EventType "tourn"]
[EventRounds "9"]
[EventCountry "MEX"]
[EventCategory "2"]
[SourceTitle "CBM 195 Extra"]
[Source "ChessBase"]
[SourceDate "2020.05.31"]
[SourceVersion "1"]
[SourceVersionDate "2020.05.31"]
[SourceQuality "1"]

1. e4 c5 2. b3 Nc6 3. Bb2 e6 4. Nf3 a6 5. c4 d6 6. d4 cxd4 7. Nxd4 Nf6 8. Nc3 Qa5 9. Nxc6 bxc6 10. Bd3 e5 11. 0-0 Be7 12. Na4 Bg4 13. Qc2 Nd7 14. Bc3 Qc7 15. f4 f6 16. f5 g5 17. Be2 Qa7+ 18. Kh1 h5 19. Bxg4 hxg4 20. Be1 Kf7 21. Bf2 Qb7 22. Qe2 c5 23. Qxg4 Nb8 24. Nc3 Nc6 25. Nd5 a5 26. Qe2 Nd4 27. Bxd4 exd4 28. Rab1 Rh7 29. g3 Rah8 30. Rf2 Bd8 31. a3 Rh3 32. Kg1 Qd7 33. b4 Qa4 34. Qd3 axb4 35. axb4 cxb4 36. Rxb4 Qa7 37. Qb1 Qa3 38. Rb3 Qc5 39. Rb7+ Kf8 40. Rb8 Kg7 41. Qb7+ Kh6 42. Qf7 1-0

[Event "Mexico City Fenamac-B 2nd"]
[Site "Mexico City"]
[Date "2020.03.12"]
[Round "1"]
[White "Della Morte, Pablo"]
[Black "Garcia Almaguer, Juan Manuel"]
[Result "1-0"]
[WhiteElo "2273"]
[BlackElo "2204"]
[PlyCount "45"]
[EventDate "2020.03.12"]
[EventType "tourn"]
[EventRounds "9"]
[EventCountry "MEX"]
[EventCategory "2"]
[SourceTitle "CBM 195 Extra"]
[Source "ChessBase"]
[SourceDate "2020.05.31"]
[SourceVersion "1"]
[SourceVersionDate "2020.05.31"]
[SourceQuality "1"]

1. e4 e5 2. Nf3 Nc6 3. Bc4 Nf6 4. d3 Bc5 5. 0-0 a6 6. c3 Ba7 7. Nbd2 d6 8. a4 0-0 9. h3 h6 10. Re1 Re8 11. Nf1 Be6 12. Bxe6 Rxe6 13. a5 Ne7 14. Ng3 Ng6 15. Qb3 Rb8 16. d4 b5 17. axb6 Bxb6 18. Qc2 Qc8 19. Be3 Qb7 20. d5 Ree8 21. Bxb6 Qxb6 22. b4 c6 23. Qd2 1-0

[Event "Chihuahua Bionext op"]
[Site "Chihuahua City"]
[Date "2019.12.01"]
[Round "7"]
[White "Sainz Aguirre, Ignacio"]
[Black "Della Morte, Pablo"]
[Result "0-1"]
[WhiteElo "1884"]
[BlackElo "2309"]
[PlyCount "64"]
[EventDate "2019.11.28"]
[EventType "swiss"]
[EventRounds "7"]
[EventCountry "MEX"]
[SourceTitle "CBM 193 Extra"]
[Source "ChessBase"]
[SourceDate "2020.01.31"]
[SourceVersion "1"]
[SourceVersionDate "2020.01.31"]
[SourceQuality "1"]

1. e4 c5 2. Nf3 d6 3. Bb5+ Nd7 4. d4 cxd4 5. Qxd4 a6 6. Bxd7+ Bxd7 7. c4 e5 8. Qd3 b5 9. Nbd2 Nf6 10. b3 Be7 11. 0-0 0-0 12. Re1 Qb6 13. h3 Rac8 14. Ba3 b4 15. Bb2 Bc6 16. Nf1 Nd7 17. Ng3 Nc5 18. Qe3 g6 19. Rad1 Qb7 20. Bc1 f5 21. exf5 gxf5 22. Qh6 Rf6 23. Qg5+ Rg6 24. Qxf5 Rf8 25. Qc2 Bxf3 26. gxf3 Rxf3 27. Re3 Rf4 28. Kh2 Ne6 29. Rd5 Nd4 30. Qb2 Nf3+ 31. Kg2 Nh4+ 32. Kh2 Rd4 0-1

[Event "Chihuahua Bionext op"]
[Site "Chihuahua City"]
[Date "2019.11.30"]
[Round "4"]
[White "Della Morte, Pablo"]
[Black "Guerrero Rodriguez, Alejandra"]
[Result "0-1"]
[WhiteElo "2309"]
[BlackElo "2016"]
[PlyCount "112"]
[EventDate "2019.11.28"]
[EventType "swiss"]
[EventRounds "7"]
[EventCountry "MEX"]
[SourceTitle "CBM 193 Extra"]
[Source "ChessBase"]
[SourceDate "2020.01.31"]
[SourceVersion "1"]
[SourceVersionDate "2020.01.31"]
[SourceQuality "1"]

1. e4 e5 2. Nf3 Nf6 3. Nxe5 d6 4. Nf3 Nxe4 5. Nc3 Nxc3 6. dxc3 d5 7. c4 Qe7+ 8. Be3 dxc4 9. Bxc4 Qb4+ 10. Nd2 Qxb2 11. Rb1 Qf6 12. Ne4 Qe5 13. 0-0 Be7 14. Re1 0-0 15. Bd4 Qf4 16. Ng3 Nc6 17. Rxe7 Nxe7 18. Nh5 Qd6 19. Bxg7 Qxd1+ 20. Rxd1 Bg4 21. Nf6+ Kxg7 22. Nxg4 Rad8 23. Re1 Nc6 24. Ne3 Rfe8 25. Rb1 Ne5 26. Bd5 c6 27. Bb3 Rd2 28. Nf1 Rd7 29. Ne3 Red8 30. Rf1 a5 31. a4 h5 32. h3 Kf6 33. f4 Ng6 34. Nc4 Rd1 35. Nxa5 Rxf1+ 36. Kxf1 Nxf4 37. Nxb7 Rd2 38. a5 Rxg2 39. a6 Rg8 40. Ba4 Ra8 41. Nc5 Ne6 42. Nxe6 fxe6 43. Bxc6 Rxa6 44. Bf3 Ra5 45. Ke2 Kg5 46. c4 Kf4 47. Bb7 e5 48. Kd3 Ra3+ 49. Kc2 Rxh3 50. c5 Rg3 51. c6 Rg7 52. Bc8 e4 53. Bd7 Rg5 54. Kc3 Rc5+ 55. Kd4 Rc1 56. Be8 h4 0-1

[Event "Badalona op 45th"]
[Site "Badalona"]
[Date "2019.08.08"]
[Round "7"]
[White "Della Morte, Pablo"]
[Black "Morales, Jhon Alexander"]
[Result "1/2-1/2"]
[WhiteElo "2301"]
[BlackElo "2405"]
[PlyCount "111"]
[EventDate "2019.08.02"]
[EventType "swiss"]
[EventRounds "9"]
[EventCountry "ESP"]
[SourceTitle "EXT 2020"]
[Source "ChessBase"]
[SourceDate "2019.10.17"]
[SourceVersion "1"]
[SourceVersionDate "2019.10.17"]
[SourceQuality "1"]

1. e4 c5 2. Nf3 Nc6 3. d4 cxd4 4. Nxd4 Nf6 5. Nc3 d6 6. Bc4 Bd7 7. 0-0 g6 8. h3 Bg7 9. Be3 0-0 10. Bb3 Nxd4 11. Bxd4 Bc6 12. Re1 Nd7 13. Bxg7 Kxg7 14. Qd4+ Kg8 15. a4 Qa5 16. Bd5 Rfc8 17. Rad1 Qb6 18. Qxb6 Nxb6 19. Bb3 Nd7 20. f4 Nc5 21. g4 Kg7 22. Kf2 a5 23. e5 Nxb3 24. cxb3 dxe5 25. Rxe5 Ra6 26. Rd2 Rb6 27. Rxa5 Rxb3 28. Rc5 Rb4 29. Kg3 b6 30. Re5 e6 31. a5 b5 32. Rc5 Rb3 33. Kh2 Bb7 34. Rxc8 Bxc8 35. Ne4 Rb4 36. Nd6 Bd7 37. Nxf7 Kxf7 38. Rxd7+ Kf6 39. Rxh7 Rxf4 40. a6 Rb4 41. a7 Rxb2+ 42. Kg3 Ra2 43. Rb7 b4 44. Kf4 g5+ 45. Ke4 b3 46. Kd3 b2 47. Kc2 Ke5 48. Kb1 Ra6 49. Kxb2 Kf4 50. Rb4+ Ke5 51. Rb7 Kf4 52. Kc3 e5 53. Kc4 e4 54. Rh7 Ra1 55. Kd4 Ra4+ 56. Kc3 1/2-1/2

[Event "Badalona op 45th"]
[Site "Badalona"]
[Date "2019.08.04"]
[Round "3"]
[White "Della Morte, Pablo"]
[Black "Fernandez Borrego, Pablo"]
[Result "0-1"]
[WhiteElo "2301"]
[BlackElo "2408"]
[PlyCount "66"]
[EventDate "2019.08.02"]
[EventType "swiss"]
[EventRounds "9"]
[EventCountry "ESP"]
[SourceTitle "EXT 2021"]
[Source "ChessBase"]
[SourceDate "2020.10.23"]
[SourceVersion "1"]
[SourceVersionDate "2020.10.23"]
[SourceQuality "1"]

1. e4 c5 2. Nf3 Nc6 3. d4 cxd4 4. Nxd4 g6 5. c4 Nf6 6. Nc3 d6 7. Nc2 Bg7 8. Be2 Nd7 9. Bd2 0-0 10. 0-0 Nc5 11. f3 a5 12. Be3 a4 13. Qd2 Qa5 14. Na3 Be6 15. Rac1 Rfc8 16. Rfd1 Qb4 17. Bf1 Nd7 18. Qf2 Na5 19. Rd5 Bxd5 20. Nxd5 Qxb2 21. Nxe7+ Kf8 22. Nxc8 Qxa3 23. Na7 Rxa7 24. Qd2 b6 25. c5 dxc5 26. Bf4 Kg8 27. Bb5 Qb2 28. Bxa4 Bd4+ 29. Kf1 Qxd2 30. Bxd2 Ne5 31. Bb5 Nb7 32. f4 Rxa2 33. Ke2 Nd6 0-1

[Event "Sitges op 45th"]
[Site "Sitges"]
[Date "2019.07.25"]
[Round "4"]
[White "Sreeshwan, Maralakshikari"]
[Black "Della Morte, Pablo"]
[Result "1-0"]
[WhiteElo "2461"]
[BlackElo "2289"]
[PlyCount "77"]
[EventDate "2019.07.22"]
[EventType "swiss"]
[EventRounds "9"]
[EventCountry "ESP"]
[SourceTitle "CBM 191 Extra"]
[Source "ChessBase"]
[SourceDate "2019.09.30"]
[SourceVersion "1"]
[SourceVersionDate "2019.09.30"]
[SourceQuality "1"]

1. d4 Nf6 2. c4 e6 3. Nc3 Bb4 4. e3 0-0 5. Bd3 d5 6. Nf3 b6 7. cxd5 exd5 8. 0-0 Bb7 9. Bd2 Bd6 10. Rc1 c5 11. Ne5 Nc6 12. Ng4 Be7 13. Qf3 Nxg4 14. Qxg4 Bf6 15. Ne2 g6 16. b3 a5 17. Bc3 cxd4 18. Bxd4 Bxd4 19. exd4 Qd6 20. a4 Nb4 21. Bb5 Rac8 22. Nf4 Na2 23. Rce1 Nc3 24. Nd3 Nxb5 25. axb5 Rc3 26. Ne5 Rxb3 27. f4 f5 28. Qh4 Rxb5 29. Nd7 Rf7 30. Re8+ Kg7 31. Ne5 Qf6 32. Qxf6+ Rxf6 33. Re7+ Kg8 34. Rxb7 Rb4 35. Rc1 Rxd4 36. Rc8+ Rf8 37. Rcc7 Ra8 38. Rg7+ Kf8 39. Rbf7+ 1-0

[Event "Rio Grande op 18th"]
[Site "Rio Grande"]
[Date "2018.07.05"]
[Round "2"]
[White "Della Morte, Pablo"]
[Black "Magas Varas, Rodrigo"]
[Result "1/2-1/2"]
[WhiteElo "2287"]
[BlackElo "2036"]
[PlyCount "68"]
[EventDate "2018.07.05"]
[EventType "swiss"]
[EventRounds "7"]
[EventCountry "ARG"]
[SourceTitle "EXT 2019"]
[Source "ChessBase"]
[SourceDate "2018.10.10"]
[SourceVersion "1"]
[SourceVersionDate "2018.10.10"]
[SourceQuality "1"]

1. e4 c5 2. Nf3 e6 3. d4 cxd4 4. Nxd4 a6 5. Bd3 Nf6 6. 0-0 e5 7. Nb3 Nc6 8. c4 Be7 9. Nc3 d6 10. f3 0-0 11. Be3 Be6 12. Qd2 Re8 13. Nd5 Nd7 14. Rfd1 Nc5 15. Bf1 Bxd5 16. cxd5 Nxb3 17. axb3 Nd4 18. Bxd4 exd4 19. Qxd4 Bf6 20. Qb4 Bxb2 21. Ra2 Qf6 22. Qxb7 Bd4+ 23. Kh1 Be5 24. Qb6 Qh4 25. Qg1 Bg3 26. Bxa6 Re5 27. Rc1 f5 28. Rc8+ Rxc8 29. Bxc8 Bxh2 30. Be6+ Rxe6 31. Ra8+ Re8 32. Rxe8+ Kf7 33. Qxh2 Qe1+ 34. Qg1 Qh4+ 1/2-1/2